ბათუმის შოთა რუსთაველის სახელმწიფო უნივერსიტეტის ბიბლიოთეკა

ჰიდრო და თბოიზოლაციის სამუშაოების ტექნოლოგია (ბიბ.ჩანაწერი № 43768)

000 -LEADER
fixed length control field 01081nam a2200241Ia 4500
001 - CONTROL NUMBER
control field 10513
003 - CONTROL NUMBER IDENTIFIER
control field GE_BSU
008 - FIXED-LENGTH DATA ELEMENTS--GENERAL INFORMATION
fixed length control field 181216s||||||||xx |||||||||||||| ||und||
020 ## - INTERNATIONAL STANDARD BOOK NUMBER
International Standard Book Number 9789941141539
040 ## - CATALOGING SOURCE
Transcribing agency GE_BSU
100 ## - MAIN ENTRY--PERSONAL NAME
Personal name ჟორდანია,თ; ეზუგბაია,ზ; ირემაშვილი,ი; ეზუგბაია,ა.
245 ## - TITLE STATEMENT
Title ჰიდრო და თბოიზოლაციის სამუშაოების ტექნოლოგია
245 ## - TITLE STATEMENT
Remainder of title სახელმძღვ.სამშენებლო სპეც.სტუდ.
260 ## - PUBLICATION, DISTRIBUTION, ETC.
Place of publication, distribution, etc. თბილისი
260 ## - PUBLICATION, DISTRIBUTION, ETC.
Name of publisher, distributor, etc. ტექნ.უნ-ტი.
260 ## - PUBLICATION, DISTRIBUTION, ETC.
Date of publication, distribution, etc. 2010
300 ## - PHYSICAL DESCRIPTION
Extent 228გვ.28სმ.
300 ## - PHYSICAL DESCRIPTION
Other physical details ბიბლიოგრ:გვ.225
520 ## - SUMMARY, ETC.
Summary, etc. ნახ;ცხრ.
653 ## - INDEX TERM--UNCONTROLLED
Uncontrolled term ჰიდრო და თბოიზოლაციის სამუშაოების ტექნოლოგია. სახელმძღვ.სამშენებლო სპეც.სტუდ.
942 ## - ADDED ENTRY ELEMENTS (KOHA)
Koha item type წიგნი
ეგზემპლარები
Withdrawn status Lost status Damaged status Not for loan Date acquired Barcode Date last seen Price effective from Koha item type Public note
        2018-12-17 34700 2018-12-17 2018-12-17 წიგნი 01/01
        2018-12-17 34701 2018-12-17 2018-12-17 წიგნი 02
        2018-12-17 34702 2018-12-17 2018-12-17 წიგნი 02
        2018-12-17 34703 2018-12-17 2018-12-17 წიგნი 02
        2018-12-17 34704 2018-12-17 2018-12-17 წიგნი 02
        2018-12-17 34705 2018-12-17 2018-12-17 წიგნი 02
        2018-12-17 34706 2018-12-17 2018-12-17 წიგნი 02